Carregant...
Economics of Urban Local Public Sector
| Autor principal: | |
|---|---|
| Altres autors: | |
| Format: | Printed Book |
| Idioma: | Undetermined |
| Publicat: |
Bombay
Himalaya
1983
|
| LEADER | 00519nam a2200157Ia 4500 | ||
|---|---|---|---|
| 008 | 100907s9999 xx 000 0 und d | ||
| 082 | |a 336 | ||
| 100 | |a Rao, S Rama | ||
| 245 | |a Economics of Urban Local Public Sector | ||
| 260 | |b Himalaya |a Bombay |c 1983 | ||
| 300 | |a 143 | ||
| 500 | |a UGC allot of Rs. 25,000 | ||
| 700 | |a Rao, M Nagerswara | ||
| 942 | |c BK | ||
| 999 | |c 314230 |d 314230 | ||
| 952 | |0 0 |1 0 |4 0 |6 336_000000000000000_RAO_EC |7 0 |9 360330 |a ECN |b ECN |c ST1 |d 2010-09-07 |g 0.00 |i 4740 |l 0 |o 336 RAO/EC |p ECN4740 |r 2019-02-13 |w 2019-02-13 |y BK | ||